Yaani (Record no. 329594)

000 -LEADER
fixed length control field nam a22 7a 4500
003 - CONTROL NUMBER IDENTIFIER
control field NUST
005 - DATE AND TIME OF LATEST TRANSACTION
control field 20171115105647.0
008 - FIXED-LENGTH DATA ELEMENTS--GENERAL INFORMATION
fixed length control field 170515b xxu||||| |||| 00| 0 eng d
040 ## - CATALOGING SOURCE
Transcribing agency NUST
082 ## - DEWEY DECIMAL CLASSIFICATION NUMBER
Classification number 891.4391
Author Mark ELI
100 ## - MAIN ENTRY--PERSONAL NAME
Personal name Elia, Jon
9 (RLIN) 750
245 ## - TITLE STATEMENT
Title Yaani
Statement of responsibility, etc. by Jon Elia
260 ## - PUBLICATION, DISTRIBUTION, ETC.
Place of publication, distribution, etc. Lahore:
Name of publisher, distributor, etc. Al-Hamad Publications,
Date of publication, distribution, etc. 2007
300 ## - PHYSICAL DESCRIPTION
Extent 200 p.
500 ## - GENERAL NOTE
General note Poetry
650 ## - SUBJECT ADDED ENTRY--TOPICAL TERM
Topical term or geographic name entry element Urdu-Poetry
9 (RLIN) 751
880 ## - ALTERNATE GRAPHIC REPRESENTATION
Title جون ایلیا
Linkage 100-01 (3\r
880 ## - ALTERNATE GRAPHIC REPRESENTATION
Title یعنی
Linkage 245-02\(3\r
c جون ایلیا
880 ## - ALTERNATE GRAPHIC REPRESENTATION
Title لاہور:
Linkage 260-03\(3\r
b الحمد پبلی کیشنز،
c 2007
942 ## - ADDED ENTRY ELEMENTS (KOHA)
Source of classification or shelving scheme
Koha item type Book
Holdings
Withdrawn status Lost status Source of classification or shelving scheme Damaged status Not for loan Permanent Location Current Location Shelving location Date acquired Total Checkouts Total Renewals Full call number Barcode Checked out Date last seen Date last checked out Copy number Price effective from Koha item type
          Central Library (CL) Central Library (CL) Book Cart 05/15/2017 16 6 891.4391 ELI CL318 07/06/2023 02/11/2023 02/11/2023 1 05/15/2017 Book
© 2023 Central Library, National University of Sciences and Technology. All Rights Reserved.